[Event "Sarajevo-ch 2019"]
[Site "Sarajevo"]
[Date "2019.03.13"]
[Round "2.3"]
[White "Halilovic, Fahrudin"]
[Black "Sitnic, Ahmed"]
[Result "1/2-1/2"]
[WhiteElo "2053"]
[BlackElo "1841"]
[Annotator "NA RC"]
[PlyCount "102"]
[EventDate "2019.03.12"]
[EventType "tourn"]
[EventCountry "BIH"]
[SourceTitle "playchess.com"]
[Source "ChessBase"]
[SourceQuality "1"]
[TimeControl "5400+30"]

1. d4 {[%emt 0:05:45]} d5 {[%emt 0:00:00]} 2. Nf3 {[%emt 0:00:08]} Nf6 {[%emt 0:00:00]} 3. e3 {[%emt 0:00:06]} e6 {[%emt 0:00:00]} 4. Bd3 {[%emt 0:00:07]} Be7 {[%emt 0:00:07]} 5. O-O {[%emt 0:00:11]} O-O {[%emt 0:00:12]} 6. b3 {[%emt 0:00:06]} b6 {[%emt 0:01:53]} 7. Bb2 {[%emt 0:00:06]} Bb7 {[%emt 0:00:12]} 8. Nbd2 {[%emt 0:00:14]} c5 {[%emt 0:02:17]} 9. Ne5 {[%emt 0:00:49]} Nc6 {[%emt 0:01:24]} 10. a3 {[%emt 0:01:53]} Rc8 {[%emt 0:02:05]} 11. f4 {[%emt 0:03:42]} Nxe5 {[%emt 0:21:21] D05: Colle System with ...e6} (11... a6 12. Nxc6 Rxc6 13. c4 dxc4 14. bxc4 Qa8 15. Qe2 Rd8 16. Rfd1 cxd4 17. exd4 b5 18. d5 Bc5+ 19. Kh1 exd5 20. cxb5 {0-1 (57) Vakhidov,J (2471)-Zhigalko,S (2678) Dubai 2014}) 12. dxe5 {[%emt 0:00:11]} Ne4 {[%emt 0:00:59]} 13. Qe2 {[%emt 0:04:44]} Nxd2 {[%emt 0:02:41]} 14. Qxd2 {[%emt 0:00:02]} c4 $146 {[%emt 0:00:24]} ({Predecessor:} 14... Qc7 15. c4 dxc4 16. bxc4 Rfd8 17. Qc2 g6 18. e4 Rd7 19. Rf3 {½-½ (48) Justo,D (2322)-Fayard,A (2215) France 2010}) 15. Be2 {[%emt 0:00:27]} c3 {[%emt 0:01:13]} (15... b5 $11) 16. Bxc3 {[%emt 0:00:35]} Qc7 {[%emt 0:00:34]} 17. Bd4 {[%emt 0:18:21]} Qxc2 {[%emt 0:00:22]} 18. Qd3 {[%emt 0:00:27]} Qxd3 {[%emt 0:10:44]} 19. Bxd3 {[%emt 0:00:02]} Rc7 {[%emt 0:00:33]} 20. b4 {[%emt 0:00:54]} f5 {[%emt 0:05:11]} 21. Kf2 {[%emt 0:08:54]} g5 {[%emt 0:06:43]} 22. h3 {[%emt 0:02:41]} h5 {[%emt 0:08:37]} 23. Rg1 {[%emt 0:02:14]} ({Better is} 23. g4 $16) 23... Kg7 {[%emt 0:05:09] [#]} (23... gxf4 $11 {keeps the balance.} 24. exf4 h4) 24. g4 $1 {[%emt 0:02:42]} fxg4 {[%emt 0:08:41]} 25. hxg4 {[%emt 0:00:20]} hxg4 {[%emt 0:02:28]} 26. Rxg4 {[%emt 0:02:23]} Rh8 {[%emt 0:00:49]} 27. Rag1 {[%emt 0:12:53]} Rh2+ {[%emt 0:07:40]} 28. R4g2 {[%emt 0:00:15]} Rxg2+ {[%emt 0:00:35]} 29. Rxg2 {[%emt 0:00:02]} Rc8 {[%emt 0:00:17]} 30. fxg5 {[%emt 0:14:28]} ({White should try} 30. Kf3 $18) 30... Rh8 {[%emt 0:01:02]} 31. Kf3 {[%emt 0:02:48]} Rh5 {[%emt 0:01:11]} 32. Rc2 {[%emt 0:00:27]} Bd8 {[%emt 0:00:29]} 33. g6 {[%emt 0:00:35]} Rh1 {[%emt 0:01:05]} 34. Rf2 {[%emt 0:03:06]} Rh8 {[%emt 0:01:25]} 35. Kg4 {[%emt 0:01:38]} Rf8 {[%emt 0:00:41]} 36. Rc2 {[%emt 0:04:14]} Rh8 {[%emt 0:00:37]} 37. Kg3 {[%emt 0:04:06]} Rh1 {[%emt 0:03:06]} 38. Rg2 $11 {[%emt 0:02:35]} (38. Kg2 $18 Rh8 39. Rc1) 38... Rh8 {[%emt 0:01:13]} (38... Bc6 $11) 39. Kf3 {[%emt 0:01:39]} Rf8+ {[%emt 0:00:42]} 40. Kg4 {[%emt 0:01:42]} Rh8 {[%emt 0:00:25]} 41. a4 {[%emt 0:00:54]} Bc6 {[%emt 0:01:51]} 42. b5 {[%emt 0:00:29]} Be8 {[%emt 0:01:17]} 43. Kf3 {[%emt 0:00:17]} Rh6 {[%emt 0:01:01]} 44. e4 {[%emt 0:01:01]} Bxg6 {[%emt 0:00:24]} 45. exd5 {[%emt 0:00:23]} Rh3+ {[%emt 0:00:29]} 46. Ke2 {[%emt 0:00:10]} Rxd3 {[%emt 0:00:27]} 47. Rxg6+ {[%emt 0:00:00]} Kxg6 {[%emt 0:00:10]} 48. Kxd3 {[%emt 0:00:04]} exd5 {[%emt 0:00:09]} 49. a5 {[%emt 0:01:13]} Kf5 {[%emt 0:00:36]} 50. a6 {[%emt 0:00:22]} Bc7 {[%emt 0:00:42]} 51. Ke3 {[%emt 0:00:53]} Bb8 {[%emt 0:01:30] Ke4+ Kxe5+} 1/2-1/2

[Event "Sarajevo-ch 2019"]
[Site "Sarajevo"]
[Date "2019.03.13"]
[Round "2.4"]
[White "Kozarcanin, Sead"]
[Black "Hadzovic, Amir"]
[Result "0-1"]
[WhiteElo "2005"]
[BlackElo "2255"]
[Annotator "TA"]
[PlyCount "60"]
[EventDate "2019.03.12"]
[EventType "tourn"]
[EventCountry "BIH"]
[SourceTitle "playchess.com"]
[Source "ChessBase"]
[SourceQuality "1"]

{[%evp 9,60,-7,-7,-22,-27,-22,-36,-33,-34,-41,-25,-47,-41,-81,-18,-12,-19,-24,-18,-35,-28,-8,37,-79,-85,-122,-123,-179,-140,-269,-250,-242,-227,-533,-510,-1041,-1033,-1006,-948,-972,-958,-957,-960,-948,-938,-999,-781,-1111,-854,-1703,-1686,-2168,-1339]} 1. b3 e5 2. Bb2 Nc6 3. e3 Nf6 4. Bb5 e4 5. Bxc6 dxc6 6. h3 $146 {A01: Nimzowitsch-Larsen Opening} ({Predecessor:} 6. f3 Bd6 7. Nc3 Qe7 8. fxe4 Nxe4 9. Nf3 Nxc3 10. Bxc3 O-O 11. O-O Bg4 12. Qe2 {0-1 (55) Karjakin,S (2753)-Vidit,S (2702) Kolkata 2018}) 6... Bd6 7. d3 O-O 8. Nd2 {Black is slightly better.} exd3 9. cxd3 Nd5 10. a3 Re8 11. Ne4 Bf8 (11... Bf4 $17 {And now ...f5 would win.} 12. Ne2 f5) 12. Ne2 $1 $11 b6 13. Qc2 Ba6 {Threatens to win with ...Nxe3!} 14. O-O-O c5 15. g4 Bb7 16. N2g3 (16. h4 $1 $14 {stays ahead.}) 16... a5 $17 17. Nh5 {[#]} a4 $1 {[%mdl 512]} 18. bxa4 (18. Rhg1 $17) 18... Re6 19. Nc3 {[#]} (19. Rhg1 $17 {is a better defense.}) 19... Nb4 $1 $19 {[%mdl 512]} 20. axb4 cxb4 21. e4 $2 ({Not} 21. Ne4 $2 Rc6 $19) (21. Nf4 bxc3 22. Bxc3) 21... Rc6 {[%mdl 64] Pin. Black is clearly winning.} 22. d4 (22. Ng3 $142 bxc3 23. Bxc3) 22... bxc3 23. Bxc3 Ba3+ 24. Kb1 {[#]} Bb4 $1 {[%mdl 576] Pin} 25. Rd3 (25. Bxb4 Rxc2) 25... Rxc3 26. Rxc3 Bxc3 27. d5 Bb4 28. f4 Bf8 {Strongly threatening ...Qe8.} 29. Rc1 Qe8 30. e5 Bxd5 {Accuracy: White = 17%, Black = 73%.} 0-1

[Event "Sarajevo-ch 2019"]
[Site "Sarajevo"]
[Date "2019.03.13"]
[Round "2.5"]
[White "Sutkovic, Damir"]
[Black "Mrndjic, Muamer"]
[Result "1/2-1/2"]
[WhiteElo "2346"]
[BlackElo "2246"]
[Annotator "TA"]
[PlyCount "51"]
[EventDate "2019.03.12"]
[EventType "tourn"]
[EventCountry "BIH"]
[SourceTitle "playchess.com"]
[Source "ChessBase"]
[SourceQuality "1"]

{[%evp 15,51,10,10,19,19,28,22,21,25,12,22,0,36,28,72,44,48,29,26,23,43,33,28,33,59,31,44,39,57,39,33,0,0,-2,0,0,0,-50]} 1. e4 e5 2. Nf3 Nc6 3. Bb5 a6 4. Ba4 Nf6 5. O-O Be7 6. d3 b5 7. Bb3 O-O 8. c3 d6 9. h3 {C84: Closed Ruy Lopez: Unusual White 6th moves} (9. Re1 Na5 10. Bc2 c5 11. d4 Qc7 12. h3 cxd4 13. cxd4 Be6 14. Nbd2 Rac8 15. Bd3 Nc6 16. a3 exd4 17. Nf1 Rfe8 18. Ng3 g6 {0-1 (48) Karjakin,S (2753)-Postny,E (2615) St Petersburg 2018}) 9... Bb7 10. Nbd2 {[%cal Bb1d2,Bd2f1,Bf1g3][%mdl 32]} Re8 11. Re1 h6 12. Nf1 Bf8 13. Ng3 g6 14. a4 Bg7 15. axb5 $146 ({Predecessor:} 15. Nh2 d5 16. Qe2 Qd7 17. Ng4 Nxg4 18. Qxg4 Qxg4 19. hxg4 Ne7 20. Be3 Rad8 21. f3 dxe4 22. dxe4 {1-0 (60) Ileana,G (2174)-Stefan,M (1985) Baile Felix 2017}) 15... axb5 16. Be3 Rxa1 17. Qxa1 Qd7 18. Qc1 Kh7 19. Bc2 d5 20. Rd1 d4 21. Bd2 Qd6 22. Ne2 Nd7 23. Ng3 Nc5 {The position is equal.} 24. cxd4 exd4 25. Bf4 Qe7 26. Nh2 {Accuracy: White = 48%, Black = 53%.} 1/2-1/2

[Event "Sarajevo-ch 2019"]
[Site "Sarajevo"]
[Date "2019.03.14"]
[Round "3.1"]
[White "Mrndjic, Muamer"]
[Black "Kurtcehajic, Suad"]
[Result "1-0"]
[WhiteElo "2246"]
[BlackElo "1982"]
[Annotator "TA"]
[PlyCount "79"]
[EventDate "2019.03.12"]
[EventType "tourn"]
[EventCountry "BIH"]
[SourceTitle "playchess.com"]
[Source "ChessBase"]
[SourceQuality "1"]

{[%evp 21,79,45,38,44,95,85,89,85,99,75,83,72,81,79,102,84,80,53,70,49,50,49,52,42,61,34,82,83,99,58,94,101,101,98,94,101,122,100,94,66,120,126,179,194,176,185,179,180,714,714,700,689,710,693,683,690,679,683,670,663]} 1. d4 d5 2. c4 e6 3. Nc3 Nf6 4. Nf3 c6 5. e3 Nbd7 6. Bd3 Bd6 7. O-O O-O 8. e4 dxe4 9. Nxe4 Nxe4 10. Bxe4 Nf6 11. Bc2 b6 12. Qd3 {D46: Semi-Slav: 5 e3 Nbd7 6 Bd3, Black avoids the Meran} Bb7 (12... h6 $1 $14) (12... h6 13. Rd1 Bb7 14. Ne5 c5 15. Ng4 Ne4 16. dxc5 Bxc5 17. Qe2 Qe7 18. Bxe4 Bxe4 19. Qxe4 f5 20. Nxh6+ gxh6 {1-0 (38) Ding,L (2757)-Liu,Q (2523) Xinghua 2015}) 13. Bg5 $16 g6 14. Rad1 {White is better.} Be7 15. Qe2 Nh5 16. Bh6 Re8 17. Ne5 $146 ({Predecessor:} 17. Rfe1 Bb4 18. Rf1 Bf8 19. Bxf8 Rxf8 20. Ne5 {1-0 (47) Gokhale,J (2305)-Sandipan,C (2300) Kolkata 1998}) 17... Bf8 18. Bxf8 Rxf8 19. Be4 Rc8 20. Qf3 Qc7 21. g4 Ng7 $1 22. g5 Nh5 23. Ng4 f5 24. gxf6 Qf4 25. Rfe1 (25. Qxf4 {is interesting.} Nxf4 26. Rfe1 Nh3+ 27. Kg2 Nf4+ 28. Kf1) 25... Qxf3 26. Bxf3 Nxf6 27. Rxe6 Nxg4 28. Bxg4 Rf4 29. Be2 Kf7 30. Rd6 {[#] Threatens to win with Rd7+.} Ke7 (30... Re8 $14 31. Rd7+ Kf6) 31. c5 Rf6 (31... Rc7 $16 {keeps fighting.}) 32. Bg4 Rc7 33. Re1+ Kf7 34. Re3 Re7 $2 (34... bxc5 35. dxc5 Kg7) 35. Rxe7+ $18 {White is clearly winning.} Kxe7 36. Rd7+ {[%mdl 64] [#] Double Attack} Kf8 37. Rxb7 {[%mdl 64] Double Attack} Rf4 38. Be6 Rxd4 39. cxb6 axb6 40. Rxb6 {Accuracy: White = 77%, Black = 46%.} 1-0

[Event "Sarajevo-ch 2019"]
[Site "Sarajevo"]
[Date "2019.03.14"]
[Round "3.2"]
[White "Hadzovic, Amir"]
[Black "Sutkovic, Damir"]
[Result "1/2-1/2"]
[WhiteElo "2255"]
[BlackElo "2346"]
[Annotator "TA"]
[PlyCount "53"]
[EventDate "2019.03.12"]
[EventType "tourn"]
[EventCountry "BIH"]
[SourceTitle "playchess.com"]
[Source "ChessBase"]
[SourceQuality "1"]

{[%evp 13,53,0,5,0,2,6,10,7,25,10,35,23,42,-62,-40,-61,-61,-61,-61,-62,-53,-51,-47,-76,-65,-58,-55,-68,-59,-88,0,-22,-30,-71,39,-58,0,-34,47,56,55,8]} 1. d4 Nf6 2. Bf4 b6 3. e3 Bb7 4. c3 e6 5. Nf3 Be7 (5... d5 6. Nbd2 Bd6 7. Ne5 Nbd7 8. Qf3 O-O 9. Qh3 Ne4 10. Nxe4 dxe4 11. O-O-O a6 12. Bc4 Nf6 13. Bg5 {0-1 (40) Darini,P (2475)-L'Ami,E (2639) Douglas 2018}) 6. h3 {A47: 1 d4 Nf6 2 Nf3 b6: Torre, London and Colle Systems} O-O 7. Nbd2 d5 {LiveBook: 4 Games} 8. Ne5 {The position is equal.} Nbd7 9. Bd3 Nxe5 10. dxe5 Ne4 11. Qc2 {[%cal Rd2e4]} f5 $146 ({Predecessor:} 11... Nxd2 12. Qxd2 {½-½ (12) Shereshevski,M-Yuferov,S (2450) Minsk 1978}) 12. exf6 $1 Nxf6 13. g4 (13. Nf3 $14) 13... d4 $1 $36 {[%mdl 2048] Black has some pressure.} 14. Rg1 dxc3 15. bxc3 {With the idea g5.} Kh8 16. g5 $1 {[%cal Rg5f6]} Nd5 $1 {[%cal Rd5f4]} 17. Be5 Bd6 18. Bxd6 $1 Qxd6 19. Ne4 Qa3 20. Rg4 Rad8 21. Bc4 {[#]} Rf5 (21... Nf4 $1 $17 {[%mdl 512]} 22. Qb3 (22. exf4 Bxe4) 22... Qe7 23. Rxf4 Rxf4 24. exf4 Bxe4) 22. Ng3 Re5 {...Rxe3+! is the strong threat.} 23. Ne2 {[#] Black must now prevent Rh4.} ({Much weaker is} 23. Bxd5 Rexd5 24. Ra4 Qd6 $17) 23... Ne7 (23... Qe7 $1 $17 24. e4 (24. Bxd5 Rexd5 25. Rd4 Qxg5 $17) 24... b5) 24. Bd3 ({White should play} 24. Rd1 $14 Rxd1+ 25. Qxd1) 24... g6 (24... Bf3 $15 25. Rd4 Rxd4 26. Nxd4 Bh5) 25. h4 Ba6 (25... Ra5 $15) 26. Bxa6 $14 Qxa6 27. Rd4 {Precision: White = 42%, Black = 35%.} 1/2-1/2

[Event "Sarajevo-ch 2019"]
[Site "Sarajevo"]
[Date "2019.03.14"]
[Round "3.3"]
[White "Sitnic, Ahmed"]
[Black "Kozarcanin, Sead"]
[Result "1/2-1/2"]
[WhiteElo "1841"]
[BlackElo "2005"]
[Annotator "NA RC"]
[PlyCount "39"]
[EventDate "2019.03.12"]
[EventType "tourn"]
[EventCountry "BIH"]
[SourceTitle "playchess.com"]
[Source "ChessBase"]
[SourceQuality "1"]
[TimeControl "5400+30"]

{[%evp 8,39,11,16,6,-8,9,-25,-27,-29,-20,-30,-25,-31,-21,-37,-34,-45,-37,32767,-7,-21,-6,-25,0,-12,-15,-8,74,0,0,-12,97,0]} 1. d4 {[%emt 0:00:00]} d5 {[%emt 0:00:00]} 2. Nf3 {[%emt 0:00:00]} Nf6 {[%emt 0:00:00]} 3. Bf4 {[%emt 0:00:00]} Bf5 {[%emt 0:03:27]} 4. e3 {[%emt 0:00:38]} e6 {[%emt 0:00:16]} 5. Bd3 {[%emt 0:01:01]} Bd6 {[%emt 0:00:41]} 6. Bg3 {[%emt 0:02:27] D02: 1 d4 d5 2 Nf3 sidelines, including 2...Nf6 3 g3 and 2...Nf6 3 Bf4} (6. Bg5 h6 7. Bh4 Bxd3 8. Qxd3 Nbd7 9. c4 dxc4 10. Qxc4 c5 11. dxc5 Bxc5 12. Nc3 Rc8 13. O-O O-O {½-½ (34) Artemiev,V (2658)-Sjugirov,S (2664) Novi Sad 2016}) 6... Ne4 {[%emt 0:01:03]} 7. Nbd2 {[%emt 0:01:31]} Nxg3 {[%emt 0:04:25]} 8. hxg3 {[%emt 0:00:11]} Bxd3 {[%emt 0:00:15]} 9. cxd3 {[%emt 0:00:09]} Nd7 {[%emt 0:10:03]} 10. Qb3 $146 {[%emt 0:03:23]} ({Predecessor:} 10. O-O c6 11. Nb3 O-O 12. Qc2 e5 13. dxe5 Nxe5 14. Nxe5 Bxe5 {½-½ (41) Pierecker,M (2265)-Posch,W (2185) Austria 1997}) 10... Rb8 {[%emt 0:02:15]} 11. e4 {[%emt 0:05:06]} c6 {[%emt 0:00:13]} 12. Nf1 {[%emt 0:05:28]} Qa5+ {[%emt 0:01:09]} 13. Ke2 {[%emt 0:00:12]} f5 {[%emt 0:02:40]} ({Black should play} 13... O-O $15) 14. Ne3 {[%emt 0:02:19]} O-O {[%emt 0:05:41]} 15. Ng5 {[%emt 0:04:19]} fxe4 {[%emt 0:01:57]} 16. dxe4 {[%emt 0:07:19]} Qa6+ {[%emt 0:09:50]} 17. Ke1 {[%emt 0:05:57]} Qa5+ {[%emt 0:00:37]} 18. Ke2 {[%emt 0:00:15]} Qa6+ {[%emt 0:01:58]} 19. Ke1 {[%emt 0:00:20]} Qa5+ $16 {[%emt 0:16:28] [#]} (19... h6 $11 {keeps the balance.} 20. Nxe6 Rf6 21. exd5 cxd5) 20. Ke2 {[%emt 0:00:13]} ({White should try} 20. Kf1 $1 $16) 1/2-1/2

[Event "Sarajevo-ch 2019"]
[Site "Sarajevo"]
[Date "2019.03.14"]
[Round "3.4"]
[White "Terzic, Ilijas"]
[Black "Halilovic, Fahrudin"]
[Result "0-1"]
[WhiteElo "2137"]
[BlackElo "2053"]
[Annotator "TA"]
[PlyCount "53"]
[EventDate "2019.03.12"]
[EventType "tourn"]
[EventCountry "BIH"]
[SourceTitle "playchess.com"]
[Source "ChessBase"]
[SourceQuality "1"]

{[%evp 9,53,-24,0,-26,28,12,27,12,4,-6,17,-13,15,10,42,18,42,-1,7,-27,-18,-67,-58,-47,-56,-50,-50,-177,-116,-135,-129,-175,-178,-179,-118,-127,-80,-77,-86,-81,-98,-764,-756,-767,-766,-766]} 1. d4 f5 2. e4 fxe4 3. Nc3 Nf6 4. Bg5 g6 5. Qd2 (5. h4 d5 6. h5 Bf5 7. Bxf6 exf6 8. g4 Be6 9. hxg6 Qd7 10. g5 fxg5 11. Qh5 Qg7 12. Qxg5 c6 13. Nge2 hxg6 14. Nf4 Rxh1 15. Nxe6 {½-½ (23) Trent,L (2470)-Anton Guijarro,D (2617) Caleta 2015}) 5... d5 6. f3 {A83: Dutch Defence: Staunton Gambit with 3 Nc3 Nf6 4 Bg5} Bf5 (6... Bg7 $142) 7. g4 $11 Be6 $1 8. h3 {White has an edge.} Bg7 9. O-O-O c6 10. Bh6 $146 ({Predecessor:} 10. Bxf6 exf6 11. fxe4 O-O 12. Bd3 {1-0 (28) Richter,H (1989)-Poeltelt,H (1735) Berlin 2016}) 10... Bf8 11. Bg2 {[%cal Rf3e4]} Qa5 12. Bxf8 Rxf8 13. Nge2 Nbd7 $36 {[%mdl 2048] Black is more active.} 14. Nf4 Bg8 15. g5 exf3 16. Bxf3 Ne4 $1 {[%cal Re4d2]} 17. Bxe4 dxe4 18. a3 {[#]} (18. Rhe1 $15) 18... Qxg5 (18... Nb6 $1 $19 {White must now prevent ...Nc4.} 19. Qe3 Qxg5) 19. Rhf1 $17 Nf6 20. Kb1 O-O-O 21. Qe3 Nh5 (21... e5 $19 22. dxe5 Rxd1+ 23. Rxd1 Qxe5) 22. Nxe4 Qb5 23. Nd3 {[#]} Rxf1 $1 24. Rxf1 Qc4 25. Nec5 $2 {[%mdl 8192]} (25. Nc3 $17) 25... Qa2+ $19 26. Kc1 Qa1+ 27. Kd2 {Accuracy: White = 39%, Black = 49%.} 0-1

[Event "Sarajevo-ch 2019"]
[Site "Sarajevo"]
[Date "2019.03.14"]
[Round "3.5"]
[White "Burovic, Rijad"]
[Black "Dizdarevic, Emir"]
[Result "1-0"]
[WhiteElo "2340"]
[BlackElo "2430"]
[Annotator "TA"]
[PlyCount "63"]
[EventDate "2019.03.12"]
[EventType "tourn"]
[EventCountry "BIH"]
[SourceTitle "playchess.com"]
[Source "ChessBase"]
[SourceQuality "1"]

{[%evp 10,63,30,0,8,0,30,0,39,28,79,67,79,48,92,85,118,127,133,125,125,129,171,124,194,128,127,127,119,114,137,131,221,221,228,164,212,232,211,222,322,309,332,204,204,204,345,328,550,550,6536,6528,5997,6075,5510,1629]} 1. e4 c6 2. d4 d5 3. e5 Bf5 4. h4 h6 5. g4 Bd7 6. h5 c5 {B12: Caro-Kann: Advance Variation} 7. c3 e6 8. f4 Qb6 {The position is equal.} 9. Nf3 Bb5 (9... Nc6 $11 {keeps the balance.}) 10. Bxb5+ Qxb5 11. Na3 Qa5 $146 ({Predecessor:} 11... Qb6 12. Qa4+ Nc6 13. Nc2 cxd4 14. cxd4 Qa5+ 15. Qxa5 Nxa5 {1-0 (53) Caruana,F (2781)-L'Ami,E (2627) Wijk aan Zee 2013}) 12. Nc2 cxd4 13. Ncxd4 Nc6 14. f5 Nxd4 15. Nxd4 Qa6 16. Qe2 Kd7 (16... Qxe2+ $16 17. Kxe2 Kd7) 17. Qxa6 (17. Nb5 $18) 17... bxa6 $16 18. Be3 Bc5 19. Ke2 Bxd4 20. cxd4 ({Much less strong is} 20. Bxd4 Ne7 $14) 20... f6 (20... Rb8 $16 {keeps fighting.}) 21. Rac1 $18 Ne7 22. Rhf1 Raf8 23. fxe6+ Kxe6 24. exf6 gxf6 (24... Rxf6 $142 25. Rc7 Rxf1 26. Kxf1 Rf8+ 27. Ke1 a5) 25. Rc7 Rb8 26. Kd3 ({Don't take} 26. Rxa7 $6 Nc6 $18) 26... Rhc8 27. Rxc8 Nxc8 (27... Rxc8 $142 28. Bxh6 Rg8) 28. Bxh6 Rxb2 $2 (28... Rb7 29. Rc1 Nd6) 29. Bg7 {White is clearly winning.} Nd6 30. Rxf6+ Ke7 {[#]} 31. Rxd6 $1 {[%mdl 512]} Kxd6 32. h6 {Accuracy: White = 56%, Black = 21%.} 1-0

[Event "Sarajevo-ch 2019"]
[Site "Sarajevo"]
[Date "2019.03.15"]
[Round "4.1"]
[White "Kurtcehajic, Suad"]
[Black "Dizdarevic, Emir"]
[Result "0-1"]
[WhiteElo "1982"]
[BlackElo "2430"]
[Annotator "TA"]
[PlyCount "56"]
[EventDate "2019.03.12"]
[EventType "tourn"]
[EventCountry "BIH"]
[SourceTitle "playchess.com"]
[Source "ChessBase"]
[SourceQuality "1"]

{[%evp 14,56,20,0,39,9,5,0,0,0,0,0,4,-5,18,29,24,20,27,0,0,0,7,10,11,-4,-5,-14,29,19,23,0,0,0,0,0,0,-123,-129,-29991,-29992,-29992,-29993,-29993,-29992]} 1. e4 e6 2. d4 d5 3. Nd2 c5 4. Ngf3 cxd4 5. exd5 Qxd5 6. Bc4 Qd8 7. O-O a6 8. a4 {LiveBook: 16 Games. C07: French Tarrasch: 3...c5, 4 Ngf3 and 4 exd5 Qxd5} (8. Nb3 Nc6 9. Nbxd4 Nxd4 10. Nxd4 Qc7 11. Bd3 Nf6 12. Re1 Bd7 13. Qf3 O-O-O 14. Bf4 Bd6 15. Bxd6 Qxd6 {½-½ (80) Gonzalez Vidal,Y (2543)-Harikrishna,P (2743) Tbilisi 2017}) 8... Qc7 9. Qe2 Nc6 10. Nb3 {[%cal Bd2b3,Bb3d4,Bd4f3][%mdl 32] The position is equal.} Bd6 11. Rd1 Nge7 12. Nbxd4 Bd7 13. h3 $146 ({Predecessor:} 13. Bg5 Nxd4 14. Rxd4 Nf5 15. Rdd1 h6 {½-½ (51) Nikitenko,M (2371)-Blohberger,F (2420) Bad Blankenburg 2018}) 13... Ne5 14. Nxe5 Bxe5 15. c3 Ng6 16. Nf3 Bf6 17. Bd3 Bc6 18. Be4 O-O 19. Bxc6 (19. Qc4 {feels hotter.} Rfd8 20. Be3 Ne7 21. Bxc6 Nxc6 22. Nd2) 19... Qxc6 20. Bg5 Rad8 (20... Bxg5 {keeps more tension.} 21. Nxg5 h6 22. Nf3 Rad8 23. Nd4 Qb6) 21. Bxf6 gxf6 22. Rxd8 Rxd8 23. Rd1 Rxd1+ 24. Qxd1 Nf4 25. g3 (25. Ne1 $11 {keeps the balance.}) 25... Nxh3+ $17 26. Kh1 $2 {[%mdl 8192] [#]} (26. Kf1 $17) 26... Nxf2+ {Black mates.} 27. Kg2 Nxd1 28. a5 Nxb2 {Precision: White = 37%, Black = 64%.} 0-1

[Event "Sarajevo-ch 2019"]
[Site "Sarajevo"]
[Date "2019.03.15"]
[Round "4.2"]
[White "Halilovic, Fahrudin"]
[Black "Burovic, Rijad"]
[Result "0-1"]
[WhiteElo "2053"]
[BlackElo "2340"]
[Annotator "TA"]
[PlyCount "34"]
[EventDate "2019.03.12"]
[EventType "tourn"]
[EventCountry "BIH"]
[SourceTitle "playchess.com"]
[Source "ChessBase"]
[SourceQuality "1"]

{[%evp 9,34,-50,-45,-45,-47,-54,-50,-67,-71,-75,-69,-97,-99,-179,-179,-184,-189,-254,-212,-434,-426,-811,-861,-809,-821,-3799,-3594]} 1. f4 d5 2. Nf3 g6 3. c4 d4 (3... c6 4. e3 Bg7 5. Nc3 Nf6 6. d4 O-O 7. Be2 e6 8. O-O dxc4 9. Bxc4 Nbd7 10. e4 b5 11. Bd3 b4 12. Na4 c5 13. Nxc5 Nxc5 14. dxc5 {1-0 (39) Rapport,R (2693)-Fressinet,L (2712) Reykjavik 2015}) 4. d3 Bg7 5. Na3 $146 ({Predecessor:} 5. e4 dxe3 6. Bxe3 Bxb2 7. Bd4 Bxd4 8. Nxd4 Qxd4 9. Qa4+ Bd7 10. Qb4 Nc6 11. Qc3 {0-1 (30) Quilghini,B (1220)-Rogliano,L (1499) Bastia 2003}) 5... Nc6 6. g3 {A03: Bird's Opening with 1...d5} Nh6 7. Nc2 a5 8. b3 {Black is slightly better.} Nf5 9. a3 h5 10. Bb2 e5 11. e4 (11. Qd2 $17 {was necessary.}) 11... dxe3 $19 12. fxe5 {[#]} g5 $1 13. d4 (13. Qe2 {might work better.} g4 14. Nh4) 13... g4 14. Ng1 $2 (14. Be2) 14... h4 {Black is clearly winning.} 15. Qxg4 (15. Bg2 $142 hxg3 16. hxg3 Rxh1 17. Bxh1 Nxg3 18. Bxc6+ bxc6 19. Nxe3) 15... Nfxd4 16. Qd1 hxg3 {[#] aiming for ...g2.} 17. h3 g2 {[%mdl 64] Double Attack. Accuracy: White = 24%, Black = 100%.} 0-1

[Event "Sarajevo-ch 2019"]
[Site "Sarajevo"]
[Date "2019.03.15"]
[Round "4.3"]
[White "Kozarcanin, Sead"]
[Black "Terzic, Ilijas"]
[Result "1/2-1/2"]
[WhiteElo "2005"]
[BlackElo "2137"]
[Annotator "TA"]
[PlyCount "51"]
[EventDate "2019.03.12"]
[EventType "tourn"]
[EventCountry "BIH"]
[SourceTitle "playchess.com"]
[Source "ChessBase"]
[SourceQuality "1"]

{[%evp 9,51,-12,-9,-20,-14,-20,7,1,0,-10,6,0,12,12,9,-8,23,-3,14,-2,0,0,8,0,1,0,0,0,21,16,29,22,27,18,38,-26,7,8,21,-6,-22,-15,-15,-37]} 1. b3 e5 2. Bb2 Nc6 3. e3 Nf6 4. Bb5 Bd6 5. Bxc6 (5. Na3 Na5 6. Be2 a6 7. c4 O-O 8. Nb1 Re8 9. Nc3 Nc6 10. d3 Bf8 11. Nf3 d5 12. cxd5 Nxd5 13. O-O Nxc3 14. Bxc3 {1-0 (66) Karjakin,S (2753)-Riazantsev,A (2649) St Petersburg 2018}) 5... dxc6 {LiveBook: 46 Games} 6. Ne2 {A01: Nimzowitsch-Larsen Opening} Qe7 7. d3 O-O 8. Nd2 Be6 9. e4 Nd7 10. O-O Ba3 $146 ({Predecessor:} 10... f6 11. f4 exf4 12. Nxf4 Bf7 {½-½ (36) Merry,A (2039)-Longson,A (2237) Sunningdale 2011}) 11. Bxa3 Qxa3 12. Ng3 Qc5 13. Kh1 f6 14. Nf3 Bg4 15. Rc1 Rad8 16. h3 Be6 17. c3 Rfe8 18. d4 Qa5 19. Qc2 Bf7 20. Rfd1 exd4 21. cxd4 Nf8 22. e5 (22. Nh4 $14) 22... fxe5 (22... Bd5 $5 {[%cal Rd5f3]}) 23. Nxe5 {The position is equal.} Bd5 24. Nc4 Qb4 25. Ne3 Qe7 26. Qf5 {Precision: White = 39%, Black = 26%.} 1/2-1/2